000
00267nam a2200097Ia 4500
082
_a
J 523.3 PRIN
245
0
_a
The moon
100
_a
PRINJA, Raman Oxford, 2007 Rev. and updated ed
_9
38248
942
_c
BK
008
210817s9999 xx 000 0 und d
999
_c
393517
_d
393516